Trabajo con pantallas de visualización : Fichas informativas (Registro nro. 3377)
[ vista simple ]
| 000 -LEADER | |
|---|---|
| fixed length control field | 00719nam a2200193Ia 4500 |
| 005 - DATE AND TIME OF LATEST TRANSACTION | |
| control field | 20251020182612.0 |
| 008 - FIXED-LENGTH DATA ELEMENTS--GENERAL INFORMATION | |
| fixed length control field | 200515s9999 xx 000 0 und d |
| 082 ## - DEWEY DECIMAL CLASSIFICATION NUMBER | |
| Classification number | SC/681.337:331/O36 |
| 110 ## - MAIN ENTRY--CORPORATE NAME | |
| Corporate name or jurisdiction name as entry element | OIT |
| 245 #0 - TITLE STATEMENT | |
| Title | Trabajo con pantallas de visualización : Fichas informativas |
| 260 ## - PUBLICATION, DISTRIBUTION, ETC. | |
| Place of publication, distribution, etc. | Ginebra |
| 260 ## - PUBLICATION, DISTRIBUTION, ETC. | |
| Date of publication, distribution, etc. | 1988 |
| 300 ## - PHYSICAL DESCRIPTION | |
| Extent | 103 |
| 520 ## - SUMMARY, ETC. | |
| Summary, etc. | Contiene resúmenes de disposiciones de reglamentaciones y leyes, convenios colectivos, códigos- tipo, directrices y declaraciones de política concernientes al uso de unidades de presentación visual. Estos resúmenes han sido seleccionados y publicados a ma |
| 650 ## - SUBJECT ADDED ENTRY--TOPICAL TERM | |
| Topical term or geographic name entry element | CONVENIOS COLECTIVOS |
| 650 ## - SUBJECT ADDED ENTRY--TOPICAL TERM | |
| Topical term or geographic name entry element | LEGISLACION |
| 650 ## - SUBJECT ADDED ENTRY--TOPICAL TERM | |
| Topical term or geographic name entry element | PUB OIT |
| 942 ## - ADDED ENTRY ELEMENTS (KOHA) | |
| Koha item type | Libros |
| Fecha de la última vez que lo usaron | Pago total | Signatura topográfica completa | Código de barras | Precio efectivo desde | Tipo de documento | Estado perdido | Estado dañado | No es para préstamo | Retirado | Ubicación permanente | Ubicación actual | Fecha de adquisición |
|---|---|---|---|---|---|---|---|---|---|---|---|---|
| 15/05/2020 | SC/681.337:331/O36 | Bib-Lima15053377 | 15/05/2020 | Libros | Biblioteca Central Lima | Biblioteca Central Lima | 15/05/2020 |